[Event "Asian Games tt"]
[Site "Hangzhou"]
[Date "2023.10.06"]
[Round "8.15"]
[White "Markov, Mikhail2222"]
[Black "Ma, Qun"]
[Result "0-1"]
[WhiteElo "2292"]
[BlackElo "2651"]
[PlyCount "72"]
[EventDate "2023.09.29"]
[EventType "team-tourn"]
[EventRounds "9"]
[EventCountry "CHN"]
[SourceTitle "EXT 2024"]
[Source "ChessBase"]
[SourceDate "2023.10.10"]
[SourceVersion "1"]
[SourceVersionDate "2023.10.10"]
[SourceQuality "1"]
[WhiteTeam "Kyrgyzstan"]
[BlackTeam "China"]
[WhiteTeamCountry "KGZ"]
[BlackTeamCountry "CHN"]

1. d4 d5 2. Bf4 c5 3. e3 Nc6 4. Nf3 Bg4 5. c3 cxd4 6. exd4 Bxf3 7. Qxf3 e6 8. Bd3 Bd6 9. Nd2 Bxf4 10. Qxf4 Qf6 11. Qc7 Nge7 12. Nb3 0-0 13. Qxb7 a5 14. Qc7 e5 15. 0-0 Rfb8 16. Rab1 a4 17. Nc5 Ra7 18. Qxa7 Nxa7 19. Nd7 Qd6 20. Nxb8 Qxb8 21. dxe5 Qxe5 22. Rfe1 Qd6 23. Bc2 a3 24. b4 g6 25. Rb3 Kg7 26. Rxa3 Nb5 27. Rb3 d4 28. c4 Nc3 29. c5 Qf4 30. g3 Qd2 31. Rxe7 Qxc2 32. c6 Nd5 33. Re5 Qc1+ 34. Kg2 Qxc6 35. Kf1 Nc3 36. Ke1 Qh1+ 0-1

[Event "CHN-chT Div A KO"]
[Site "Liaocheng"]
[Date "2023.02.09"]
[Round "4.1"]
[White "Xu, Yinglun"]
[Black "Ma, Qun"]
[Result "1/2-1/2"]
[WhiteElo "2547"]
[BlackElo "2659"]
[PlyCount "60"]
[EventDate "2023.02.06"]
[EventType "team-k.o."]
[EventRounds "6"]
[EventCountry "CHN"]
[SourceTitle "CBM 212 Extra"]
[Source "ChessBase"]
[SourceDate "2023.03.31"]
[SourceVersion "1"]
[SourceVersionDate "2023.03.31"]
[SourceQuality "1"]
[WhiteTeam "Shenzhen"]
[BlackTeam "Hangzhou Bank"]
[WhiteTeamCountry "CHN"]
[BlackTeamCountry "CHN"]

1. c4 Nf6 2. Nc3 e5 3. Nf3 Nc6 4. g3 Nd4 5. Bg2 Nxf3+ 6. Bxf3 Bb4 7. Qb3 a5 8. 0-0 0-0 9. d3 c6 10. a3 Bc5 11. Bg5 h6 12. Bxf6 Qxf6 13. Ne4 Qe7 14. Nxc5 Qxc5 15. Qa4 Ra6 16. b4 axb4 17. axb4 Qa7 18. Qd1 d6 19. Rxa6 Qxa6 20. Qa1 Qxa1 21. Rxa1 Bd7 22. Ra7 Rb8 23. h4 g5 24. hxg5 hxg5 25. b5 cxb5 26. cxb5 Bxb5 27. Rxb7 Rxb7 28. Bxb7 Kg7 29. Kf1 f5 30. Ke1 f4 1/2-1/2

[Event "CHN-chT Div-A"]
[Site "Fuling"]
[Date "2022.09.15"]
[Round "8.4"]
[White "Chen, Qi B"]
[Black "Ma, Qun"]
[Result "1-0"]
[WhiteElo "2485"]
[BlackElo "2666"]
[PlyCount "117"]
[EventDate "2022.09.06"]
[EventType "team-tourn"]
[EventRounds "11"]
[EventCountry "CHN"]
[SourceTitle "CBM 210 Extra"]
[Source "ChessBase"]
[SourceDate "2022.11.30"]
[SourceVersion "1"]
[SourceVersionDate "2022.11.30"]
[SourceQuality "1"]
[WhiteTeam "Jiangsu"]
[BlackTeam "Hangzhou Bank"]
[WhiteTeamCountry "CHN"]
[BlackTeamCountry "CHN"]

1. e4 d5 2. exd5 Qxd5 3. Nc3 Qd6 4. d4 Nf6 5. Nf3 c6 6. g3 Bg4 7. Bg2 e6 8. 0-0 Nbd7 9. h3 Bh5 10. Ne2 Qc7 11. Nf4 Bxf3 12. Qxf3 Bd6 13. Re1 0-0 14. Nd3 Rfe8 15. c3 a5 16. a4 Rac8 17. Bg5 Nd5 18. Qe2 Ne7 19. Bd2 Nf5 20. Be4 Ne7 21. Bg2 Rcd8 22. h4 h6 23. Qg4 Nf5 24. Qf3 Ne7 25. Qg4 Nf6 26. Qf3 Ned5 27. Re2 Nd7 28. Qg4 Kf8 29. Qe4 Kg8 30. Qg4 N5f6 31. Qf3 Rc8 32. Rae1 Nd5 33. Qg4 N5f6 34. Qf3 Nd5 35. g4 c5 36. c4 Ne7 37. d5 Nf8 38. Nf4 Bxf4 39. Bxf4 Qd7 40. Bh3 Neg6 41. Bg3 Rcd8 42. h5 Ne7 43. g5 Nxd5 44. cxd5 Qxd5 45. Qxd5 Rxd5 46. gxh6 Rxh5 47. hxg7 Ng6 48. Bg2 b6 49. Rd1 Kxg7 50. Rd6 e5 51. Be4 f5 52. Bc6 Re7 53. f4 e4 54. Bd5 Kh7 55. Rg2 Rg7 56. Rxb6 Rh3 57. Be6 Ne7 58. Be1 Re3 59. Rxg7+ 1-0

[Event "CHN-chT Div-A Rapid"]
[Site "Fuling"]
[Date "2022.09.12"]
[Round "6.3"]
[White "Ma, Qun"]
[Black "Li, Di"]
[Result "1/2-1/2"]
[WhiteElo "2666"]
[BlackElo "2575"]
[PlyCount "72"]
[EventDate "2022.09.06"]
[EventType "team-tourn (rapid)"]
[EventRounds "11"]
[EventCountry "CHN"]
[SourceTitle "CBM 210 Extra"]
[Source "ChessBase"]
[SourceDate "2022.11.30"]
[SourceVersion "1"]
[SourceVersionDate "2022.11.30"]
[SourceQuality "1"]
[WhiteTeam "Hangzhou Bank"]
[BlackTeam "Chengdu"]
[WhiteTeamCountry "CHN"]
[BlackTeamCountry "CHN"]

1. e4 e5 2. Nf3 Nc6 3. Bb5 a6 4. Ba4 Nf6 5. 0-0 Nxe4 6. d4 b5 7. Bb3 d5 8. dxe5 Be6 9. Qe2 Be7 10. Rd1 0-0 11. c4 bxc4 12. Bxc4 Bc5 13. Be3 Bxe3 14. Qxe3 Qb8 15. Bb3 Na5 16. Nd4 c5 17. Nxe6 fxe6 18. f3 c4 19. fxe4 cxb3 20. exd5 bxa2 21. Rxa2 Nc4 22. Qd4 Qb3 23. Nc3 Rac8 24. Rb1 Ne3 25. Qxe3 Rxc3 26. Qxc3 Qxa2 27. Rd1 exd5 28. h3 Qc4 29. Qa5 d4 30. Qb6 d3 31. Qd6 Re8 32. b4 Qe4 33. Qxd3 Qxd3 34. Rxd3 Rxe5 35. Rd6 Rb5 36. Rxa6 Rxb4 1/2-1/2

[Event "Asian-chT Prel2"]
[Site "Hangzhou"]
[Date "2022.04.23"]
[Round "9"]
[White "Bu, Xiangzhi"]
[Black "Ma, Qun"]
[Result "1/2-1/2"]
[WhiteElo "2708"]
[BlackElo "2645"]
[PlyCount "61"]
[EventDate "2022.04.14"]
[EventType "tourn"]
[EventRounds "10"]
[EventCountry "CHN"]
[EventCategory "18"]
[SourceTitle "CBM 207 Extra"]
[Source "ChessBase"]
[SourceDate "2022.05.31"]
[SourceVersion "1"]
[SourceVersionDate "2022.05.31"]
[SourceQuality "1"]

1. Nf3 d5 2. d4 Nf6 3. c4 e6 4. Nc3 c5 5. cxd5 Nxd5 6. e4 Nxc3 7. bxc3 cxd4 8. cxd4 Bb4+ 9. Bd2 Bxd2+ 10. Qxd2 0-0 11. Rd1 b6 12. h4 Bb7 13. Bd3 Nd7 14. 0-0 Rc8 15. Rfe1 Re8 16. Bb1 Qc7 17. Qe3 Nf6 18. Rc1 Qe7 19. Rxc8 Rxc8 20. Qd2 Nd7 21. Qb2 h6 22. Qb3 Nf6 23. Nd2 Qd6 24. Qd3 Qc6 25. f3 Qc3 26. Qxc3 Rxc3 27. Kf2 Kf8 28. Re3 Rxe3 29. Kxe3 g5 30. hxg5 hxg5 31. Bd3 1/2-1/2

[Event "Asian-chT Prel2"]
[Site "Hangzhou"]
[Date "2022.04.22"]
[Round "8"]
[White "Ma, Qun"]
[Black "Xu, Xiangyu"]
[Result "1-0"]
[WhiteElo "2645"]
[BlackElo "2564"]
[PlyCount "55"]
[EventDate "2022.04.14"]
[EventType "tourn"]
[EventRounds "10"]
[EventCountry "CHN"]
[EventCategory "18"]
[SourceTitle "CBM 207 Extra"]
[Source "ChessBase"]
[SourceDate "2022.05.31"]
[SourceVersion "1"]
[SourceVersionDate "2022.05.31"]
[SourceQuality "1"]

1. e4 c5 2. Nf3 d6 3. d4 cxd4 4. Nxd4 Nf6 5. Nc3 a6 6. Rg1 b5 7. a4 b4 8. Nd5 e6 9. Nxf6+ Qxf6 10. Be3 Bb7 11. Qd2 Qd8 12. Qxb4 Qc7 13. Nb3 Nd7 14. Bd3 d5 15. Qa5 Qb8 16. Nc5 Nxc5 17. Bxc5 dxe4 18. Bb5+ axb5 19. Qxb5+ Kd8 20. 0-0-0+ Bd5 21. Rxd5+ exd5 22. Bb6+ Ke7 23. Rd1 Qf4+ 24. Be3 Qc7 25. Rxd5 Ke6 26. Qb3 Kf6 27. Bd4+ Ke7 28. Re5+ 1-0

[Event "Asian-chT Prel2"]
[Site "Hangzhou"]
[Date "2022.04.20"]
[Round "6"]
[White "Ma, Qun"]
[Black "Ding, Liren"]
[Result "1/2-1/2"]
[WhiteElo "2645"]
[BlackElo "2799"]
[PlyCount "51"]
[EventDate "2022.04.14"]
[EventType "tourn"]
[EventRounds "10"]
[EventCountry "CHN"]
[EventCategory "18"]
[SourceTitle "CBM 207 Extra"]
[Source "ChessBase"]
[SourceDate "2022.05.31"]
[SourceVersion "1"]
[SourceVersionDate "2022.05.31"]
[SourceQuality "1"]

1. e4 e5 2. Nf3 Nc6 3. Nc3 Nf6 4. Bb5 Nd4 5. Bc4 Bc5 6. Nxe5 Qe7 7. Nf3 d5 8. Bxd5 Bg4 9. d3 0-0-0 10. Be3 Nxd5 11. Nxd5 Rxd5 12. exd5 Re8 13. c3 Nxf3+ 14. gxf3 Qh4 15. Kd2 Rxe3 16. fxe3 Qf2+ 17. Kc1 Bxf3 18. Qe1 Bxe3+ 19. Kb1 Bxh1 20. Qxh1 Qe2 21. a4 Qxd3+ 22. Ka2 Qc4+ 23. Kb1 Qd3+ 24. Ka2 Qc4+ 25. Kb1 Qd3+ 26. Ka2 1/2-1/2